Catálogo
 En Linea

Republic of egos : (Registro nro. 39141)

Detalles MARC
000 -CABECERA
campo de control de longitud fija 00341nam a2200133 a 4500
001 - NÚMERO DE CONTROL
campo de control 000039651
005 - FECHA Y HORA DE LA ÚLTIMA TRANSACCIÓN
campo de control 20201002033647.0
008 - DATOS DE LONGITUD FIJA--INFORMACIÓN GENERAL
campo de control de longitud fija 130715s2002 xxu 000 0 spa d
020 ## - NÚMERO INTERNACIONAL ESTÁNDAR DEL LIBRO
Número Internacional Estándar del Libro 0299178609
040 ## - FUENTE DE LA CATALOGACIÓN
Centro catalogador/agencia de origen DO-SdBNP
Lengua de catalogación spa
Centro/agencia transcriptor BNPHU
100 1# - ENTRADA PRINCIPAL--NOMBRE DE PERSONA
Nombre de persona Seidman, Michael
9 (RLIN) 65839
245 10 - MENCIÓN DE TÍTULO
Título Republic of egos :
Resto del título a social.
260 ## - PUBLICACIÓN, DISTRIBUCIÓN, ETC.
Lugar de publicación, distribución, etc. EE. UU.,
Fecha de publicación, distribución, etc. 2002.
Existencias
Estado de retiro Estado de pérdida Restricciones de uso No para préstamo Código de colección Localización permanente Ubicación/localización actual Ubicación en estantería Fecha de adquisición Número de inventario Total de préstamos Signatura topográfica completa Código de barras Fecha visto por última vez Precio válido a partir de Tipo de ítem Koha
        Monografías: Libros y Folletos General General Orden iniciada 15.07.2013 LF1   39651-10 25.06.2020 25.06.2020 No se presta

Con tecnología Koha